000 00471nam a2200157 i 4500
001 43893
003 ES-MaACL
005 20230906160913.0
007 t|
008 030320s1894 sp ||||1| spa d
245 0 3 _aLa Cibeles
_b: dos alcaldes de Real Orden y la Academia de San Fernando.
260 _aMadrid :
_b[s.n.],
_c1894 (
_fTip. Franco-EspaƱola)
300 _a15 p. ;
_c20 cm.
651 4 _aFuente de la Cibeles (Madrid)
_9157174
852 _aES-MaACL
_jT-865-F-2
999 _c43893
_d43893